BUBT Library Online Catalog

Satya Prakash's Modern Inorganic Chemistry (Record no. 311)

000 -LEADER
fixed length control field 00742nam a22002657a 4500
003 - CONTROL NUMBER IDENTIFIER
control field BUBTL
008 - FIXED-LENGTH DATA ELEMENTS--GENERAL INFORMATION
fixed length control field 130506b xxu||||| |||| 00| 0 eng d
020 ## - INTERNATIONAL STANDARD BOOK NUMBER
International Standard Book Number 81-219-0074-3
082 ## - DEWEY DECIMAL CLASSIFICATION NUMBER
Edition number 22
Classification number 546 MAS
100 ## - MAIN ENTRY--PERSONAL NAME
Personal name Madan,R. D.
9 (RLIN) 816
110 ## - MAIN ENTRY--CORPORATE NAME
Corporate name or jurisdiction name as entry element Wilkinson, Geoffrey and Gaus Paul L
245 ## - TITLE STATEMENT
Title Satya Prakash's Modern Inorganic Chemistry
250 ## - EDITION STATEMENT
Edition statement 1st
260 ## - PUBLICATION, DISTRIBUTION, ETC. (IMPRINT)
Place of publication, distribution, etc. New Delhi
Name of publisher, distributor, etc. S. Chand & Company
Date of publication, distribution, etc. c2011
300 ## - PHYSICAL DESCRIPTION
Extent 22 cm
Other physical details xvi,1548 page
Type of unit 13
Size of unit 22 cm
600 ## - SUBJECT ADDED ENTRY--PERSONAL NAME
Personal name Inorganic Chemistry
650 ## - SUBJECT ADDED ENTRY--TOPICAL TERM
Source of heading or term Inorganic Chemistry
700 ## - ADDED ENTRY--PERSONAL NAME
Personal name Madan,R. D.
9 (RLIN) 817
710 ## - ADDED ENTRY--CORPORATE NAME
Corporate name or jurisdiction name as entry element
856 ## - ELECTRONIC LOCATION AND ACCESS
Password 0
Logon 0
Link text Download
270 ## - ADDRESS
Address New Delhi
City New Delhi
Country India
365 ## - TRADE PRICE
Price amount 930.00
Unit of pricing 930.00
942 ## - ADDED ENTRY ELEMENTS (KOHA)
Source of classification or shelving scheme
Koha item type Books
Holdings
Withdrawn status Lost status Source of classification or shelving scheme Damaged status Not for loan Collection code Permanent location Current location Shelving location Date acquired Inventory number Total Checkouts Full call number Barcode Date last seen Copy number Price effective from Koha item type Total Renewals Date last checked out
        Not For Loan Non-fiction Bangladesh University of Business and Technology Library Bangladesh University of Business and Technology Library Mathematics Stacks 04/17/2013 15186   546 MAS BUBTL-200315186 08/24/2016 C-1 08/24/2016 Books    
          Non-fiction Bangladesh University of Business and Technology Library Bangladesh University of Business and Technology Library Mathematics Stacks 04/17/2013 15187 2 546 MAS BUBTL-200315187 08/30/2023 C-2 08/24/2016 Books 2 08/16/2023
          Non-fiction Bangladesh University of Business and Technology Library Bangladesh University of Business and Technology Library Mathematics Stacks 04/17/2013 15188 4 546 MAS BUBTL-200315188 09/03/2023 C-3 08/24/2016 Books 1 08/30/2023
        Not For Loan Non-fiction Bangladesh University of Business and Technology Library Bangladesh University of Business and Technology Library Mathematics Stacks 04/17/2013 15190   546 MAS BUBTL-200315190 08/24/2016 C-4 08/24/2016 Books    

More Information About Library

Library Hours

  • Open: 9.00 am. to 9.00 pm.
  • Only Sunday: 9.00 am. to 6.00 pm.
  • Closed: Holiday

Contact to the University

Bangladesh University of Business and Technology Library

  • Mirpurl-2, 1216.
  • Phone:
  • Fax:
  • E-Mail: admin.library@bubt.edu.bd

Contact to the Library

Contact Person:

Md. Abdul Hakim Shah
Joint Librarian
PABX No:  113
Cell No: 01816332931
E-mail: official: admin.library@bubt.edu.bd
Personal: hakim.shah@bubt.edu.bd


BUBT Library

Copyright © 2021